Sports Quiz

Random Sports or Country Quiz

LIVERPOOL Most Appearances by Country Quiz Stats

 Plays Quiz not verified by Sporcle

Challenge
Share
Tweet
Embed
Score 0/44 Timer 10:00
1 Play Today
Country / Nationality Player % Correct
EgyptMohamed Salah
89.8%
BrazilLucas Leiva
86.5%
AustraliaHarry Kewell
85.5%
UruguayLuis Suárez
82.5%
FinlandSami Hyypiä
80.8%
NetherlandsDirk Kuyt
79.4%
SlovakiaMartin Škrtel
78.1%
IsraelYossi Benayoun
77.2%
BelgiumSimon Mignolet
76.9%
WalesIan Rush
75.5%
GermanyDietmar Hamann
71.7%
SpainPepe Reina
70.6%
NorwayJohn Arne Riise
69.8%
ArgentinaJavier Mascherano
69.4%
EstoniaRagnar Klavan
68.7%
SenegalEl Hadji Diouf
66.4%
Czech RepublicPatrik Berger
65.3%
PolandJerzy Dudek
63.9%
Ivory CoastKolo Touré
61%
ChileMark González
59.2%
UkraineAndriy Voronin
58.7%
CameroonJoël Matip
58.3%
Country / Nationality Player % Correct
Zimbabwe, RhodesiaBruce Grobbelaar
57.7%
DenmarkJan Mølby
55.6%
SwitzerlandStéphane Henchoz
54.5%
EnglandIan Callaghan
54.3%
CroatiaDejan Lovren
50.8%
USABrad Friedel
50.5%
ScotlandAlan Hansen
47.4%
TurkeyNuri Şahin
45.9%
GreeceSotirios Kyrgiakos
45.8%
GuineaTiti Camara
45.5%
PortugalRaul Meireles
43.8%
MoroccoNabil El Zhar
40.7%
MaliDjimi Traoré
39.6%
ItalyFabio Borini
38%
NigeriaVictor Moses
35.6%
SerbiaLazar Marković
34.4%
Republic of IrelandRonnie Whelan
29.9%
FranceDavid N'Gog
23.1%
SwedenGlenn Hysén
22.8%
HungaryIstván Kozma
13.3%
Northern IrelandElisha Scott
12.5%
South AfricaArthur Riley
2.8%

You're not logged in!

Compare scores with friends on all Sporcle quizzes.
Join for Free
OR
Log In

You Might Also Like...

Show Comments

Extras

Top Quizzes Today


Score Distribution

Your Account Isn't Verified!

In order to create a playlist on Sporcle, you need to verify the email address you used during registration. Go to your Sporcle Settings to finish the process.

Report this User

Report this user for behavior that violates our Community Guidelines.

Details: